000 00704nam a22001815i 4500
001 48729
003 ES-MaACL
007 t|
008 950727s1887 fr ||||1| fre d
040 _aCAM
_bspa
_cCAM
100 1 _aDicey, A.V.
_9182591
245 1 3 _aLe statut personnel anglais ou la loi du domicile envisagée comme branche du droit anglais /
_cpar A.V. Dicey; ouvrage traduit et complété... par Emile Stocquart.
260 _aParis :
_bA. Marescq ainé, A. Chevalier-Marescq & Cie ;
_aLondres :
_bStevens & Sons ;
_aBruxelles :
_bBruylant-Christophe & Cie,
_c1887.
300 _a2 v. ;
_c22 cm.
700 1 _aStocquart, Emile.
_9108257
852 _aES-MaACL
_jG-11710-11
999 _c48729
_d48729